Advance textile designing : theory and concept

Saved in:
Bibliographic Details
Main Author: PUSHPANJALI
Format: Book
Language:English
Published: Random Publications 2016
Tags: Add Tag
No Tags, Be the first to tag this record!

MARC

LEADER 00000nam a22000007a 4500
008 201210b ||||| |||| 00| 0 eng d
020 |a 978-93-5111-866-4 
100 |a PUSHPANJALI 
245 |a Advance textile designing  |b : theory and concept  |c Pushpanjali.  |g 265p.; ill. 
260 |b Random Publications  |c 2016  |h New Delhi  |i 691590  |i 691591  |l TS1475 .P99  |m Textile design 
500 |a It includes bibliography and index 
942 |a lcc  |c BK  |e Kuteyi M. A.  |f 10/12/2020 
952 |0 0  |1 0  |2 lcc  |4 0  |6 TS1475 P99  |7 0  |9 382  |a HOL  |b AG  |c QZ  |d 2020-12-10  |l 0  |o TS1475 .P99  |p 2020-2115  |r 2020-12-10 00:00:00  |w 2020-12-10  |y BK 
952 |0 0  |1 0  |2 lcc  |4 0  |6 TS1475 P99  |7 0  |9 384  |a HOL  |b HOL  |c QZ  |d 2020-12-10  |l 0  |o TS1475 .P99  |p 2020-2117  |r 2020-12-10 00:00:00  |w 2020-12-10  |y BK 
999 |c 183  |d 183